| 000 | 00499 a2200169 4500 | ||
|---|---|---|---|
| 001 | ART_35140 | ||
| 005 | 20260410161627.0 | ||
| 008 | 260409a | ||
| 245 | 1 | 0 | _aInconsistencias que surgen del modelo de revaluación de los bienes de uso |
| 100 | 1 | _aSuardi, Diana | |
| 700 | 1 | _aBertolino, Gisela | |
| 700 | 1 | _aDíaz, Teresa | |
| 700 | 1 | _aChiurchú, Andrea | |
| 700 | 1 | _aGalante, Stella | |
| 700 | 1 | _aPozzi, Nélida B. | |
| 773 | 0 |
_tEnfoques _g- Nº 10 (oct. 2015) _wREV416 |
|
| 999 |
_c12094 _d12094 |
||